MTARAJAN'S TB. OF ORTHOPAEDICS TRAUMATOLOGY (Record no. 31021)

MARC details
000 -LEADER
fixed length control field 00428nam a22001697a 4500
003 - CONTROL NUMBER IDENTIFIER
control field SGT
020 ## - INTERNATIONAL STANDARD BOOK NUMBER
International Standard Book Number 9789395736442
082 ## - DEWEY DECIMAL CLASSIFICATION NUMBER
Classification number 617.3
Item number N25N
100 ## - MAIN ENTRY--PERSONAL NAME
Personal name NATARAJAN, MAYIL VAHANAN
245 ## - TITLE STATEMENT
Title MTARAJAN'S TB. OF ORTHOPAEDICS TRAUMATOLOGY
250 ## - EDITION STATEMENT
Edition statement 9TH
260 ## - PUBLICATION, DISTRIBUTION, ETC. (IMPRINT)
Place of publication, distribution, etc INDIA
Name of publisher, distributor, etc WOLTERS KLUWER
Year of Publication 2024
300 ## - PAGE DESCRIPTION
No. of Pages 406
650 ## - SUBJECT ADDED ENTRY--TOPICAL TERM
Topical term or geographic name as entry element ORTHOPEADICS
653 ## - KEYWORDS--INDEX TERM
Keyword term MTARAJAN'S TB. OF ORTHOPAEDICS TRAUMATOLOGY
942 ## - ADDED ENTRY ELEMENTS (KOHA)
Source of classification or shelving scheme Dewey Decimal Classification
Koha item type Books
Holdings
Withdrawn status Lost status Source of classification or shelving scheme Damaged status Not for loan Collection code Home library Current library Shelving location Date acquired Vendor Name Cost, normal purchase price SGTU Bill Number Full call number Accession No. (Barcode) Date last seen Bill Date Koha item type Total Checkouts Date last borrowed
    Dewey Decimal Classification   Not For Loan MEDICAL SGT Medical Library SGT Medical Library Reference Book 23/03/2025 ABC DELHI 959.00 SGTU 20801 617.3 N25N FM15338 26/04/2025 23/03/2025 Books    
    Dewey Decimal Classification     MEDICAL SGT Medical Library SGT Medical Library Text Book 23/03/2025 ABC DELHI 959.00 SGTU 20801 617.3 N25N FM15339 07/10/2025 23/03/2025 Books 2 25/09/2025
    Dewey Decimal Classification     MEDICAL SGT Medical Library SGT Medical Library Text Book 23/03/2025 ABC DELHI 959.00 SGTU 20801 617.3 N25N FM15340 03/11/2025 23/03/2025 Books 1 07/10/2025